000 00599nam a2200217Ii 4500
001 19408
003 CO-ViMGA
008 241108s9999||||xx |||||||||||||| ||und||
020 _a9789588826158
040 _aCO-ViMGA
_bspa
_erda
_cCO-ViMGA
041 0 _aita
084 _aP VIR1e
100 1 _a70-19 a. de J. C. Virgilio
_944156
245 1 0 _aEneida
264 1 _aRoma, Italia : Mundo Litografico, 2014
300 _avolumen
336 _atext
_btxt
_2rdacontent
337 _aunmediated
_bn
_2rdamedia
338 _avolume
_bnc
_2rdacarrier
940 _aidficha_siabuc: 19065. -- ficha_no_siabuc:19408
999 _c38599
_d38599